01154nam a2200241Ia 450000100060000000300090000600800410001504000130005604000130006904100130008210000280009510000290012324500640015224500640021625000110028026000140029126000100030526000490031530000570036450004390042165000210086065000310088186646IT-RoPAU130308s9999 xx 000 0 und d aIT-RoPAU cIT-RoPAU aSPAGNOLO aBarroso Asenjo Porfirio gCodice Aut. SPICS: 23102 aFundamentos deontologicos de las ciencias de la informacion bFundamentos Deontologicos de Las ciencias de la Informacion a1a ed. aBARCELONA bMitre c1985 [1° Ed.:1985 - Ed.Ling.Originale:1985] a"320 p. (prefazione: no ; testo: 320 [pagine: 0-0])" aFondamenti Deontologici delle Scienze dell'informazione Stampa Radio Televisione Cinema Pubblicità e relazioni Pubbliche schemi e Bibliografia di varie Tematiche Etica Generale e Fondamentale Deontologia dell'informazione Deontologia Professionale Deontologia dei mezzi di Comunicazione Sociale temi di Deontologia Giornalistica dei mezzi Audiovisivi della Pubblicità e delle relazioni Pubbliche Programmazione di Ciascuna Lezione aDIRITTO GENERALE eCodice materia Spics: 4601